Loading...
| Literature - World | 0 | 7 | 0 | 0 | 70 | 47 | 87.14 | 1 | 5 | 23.72 | 45.45 |
| Literature - European | 0 | 6 | 1 | 2 | 55 | 104 | 120.00 | 0 | 1 | 7.57 | 21.52 |
| Philosophy | 0 | 6 | 1 | 3 | 55 | 82 | 99.83 | 1 | 3 | 9.82 | 26.36 |
| Mythology | 0 | 6 | 1 | 1 | 55 | 61 | 94.50 | 1 | 3 | 13.65 | 28.48 |
| Fine Arts - Other | 0 | 5 | 1 | 0 | 45 | 66 | 90.60 | 0 | 2 | 14.03 | 25.76 |
| Religion | 0 | 5 | 1 | 2 | 45 | 79 | 100.20 | 0 | 3 | 7.86 | 23.94 |
| Literature - British | 0 | 5 | 1 | 0 | 45 | 46 | 105.20 | 0 | 3 | 12.56 | 23.64 |
| Social Science | 0 | 3 | 0 | 0 | 30 | 68 | 88.00 | 1 | 1 | 6.78 | 13.94 |
| History - Other | 0 | 3 | 0 | 0 | 30 | 50 | 80.00 | 2 | 2 | 9.30 | 18.18 |
| Literature - American | 0 | 3 | 1 | 0 | 25 | 34 | 82.67 | 1 | 2 | 12.30 | 19.70 |
| Fine Arts - Painting and Sculpture | 0 | 3 | 1 | 0 | 25 | 82 | 94.33 | 1 | 2 | 7.14 | 18.18 |
| Science - Other | 0 | 3 | 1 | 1 | 25 | 53 | 89.67 | 0 | 1 | 6.89 | 9.09 |
| Fine Arts - Classical Music | 0 | 3 | 1 | 2 | 25 | 87 | 105.33 | 0 | 1 | 4.53 | 10.61 |
| History - World | 0 | 2 | 0 | 0 | 20 | 94 | 95.00 | 0 | 1 | 3.90 | 6.06 |
| Popular Culture | 0 | 1 | 0 | 0 | 10 | 75 | 75.00 | 0 | 0 | 12.24 | 8.33 |
| Other Academic | 0 | 1 | 0 | 1 | 10 | 125 | 125.00 | 0 | 1 | 0.00 | 11.11 |
| History - European | 0 | 1 | 1 | 0 | 5 | 49 | 49.00 | 0 | 1 | 5.18 | 4.55 |
| Science - Physics | 0 | 0 | 2 | 0 | -10 | 0.00 | 0 | 0 | 0.00 | 0.00 |